| 000 | 00732cam a22002174i 4500 | ||
|---|---|---|---|
| 999 |
_c12254 _d12254 |
||
| 003 | OSt | ||
| 005 | 20240116163226.0 | ||
| 008 | 121227s2013 ctua b 001 0 eng | ||
| 020 | _a9780300171181 (cloth : alk. paper) | ||
| 040 |
_aDLC _beng _cDLC _erda _dDLC |
||
| 042 | _apcc | ||
| 082 | 0 | 0 |
_a728.37092 _223 _bMAR |
| 100 | 1 | _aMarcus, George H. | |
| 245 | 1 | 4 |
_aThe houses of Louis Kahn / _cGeorge H. Marcus and William Whitaker. |
| 300 |
_a269 pages : _bcolored illustrations ; _c28 cm. |
||
| 504 | _aIncludes bibliographical references and index. | ||
| 600 | 1 | 0 |
_aKahn, Louis I., _d1901-1974 _xCriticism and interpretation. |
| 650 | 0 |
_aArchitecture, Domestic _xHistory _y20th century. |
|
| 700 | 1 | _aWhitaker, William. | |
| 942 | _2ddc | ||